Central London (Record no. 79170)
[ view plain ]
| 000 -LEADER | |
|---|---|
| fixed length control field | 00762cab a22001935a 4500 |
| 001 - CONTROL NUMBER | |
| control field | L140051 |
| 008 - FIXED-LENGTH DATA ELEMENTS--GENERAL INFORMATION | |
| fixed length control field | 070903s2007 xxkd f s 000 0 eng d |
| 035 ## - SYSTEM CONTROL NUMBER | |
| System control number | (Sirsi) u140051 |
| 041 0# - LANGUAGE CODE | |
| Language code of text/sound track or separate title | eng |
| 100 1# - MAIN ENTRY--PERSONAL NAME | |
| Personal name | Francis, Dan |
| 245 00 - TITLE STATEMENT | |
| Title | Central London |
| Remainder of title | upward correction in yields inevitable |
| 260 ## - PUBLICATION, DISTRIBUTION, ETC. | |
| Date of publication, distribution, etc. | 2007 |
| 490 ## - SERIES STATEMENT | |
| Series statement | Property Forecast |
| Volume/sequential designation | 10(8) August 2007, 5-6(2) |
| 520 ## - SUMMARY, ETC. | |
| Summary, etc. | Reports that the outlook for office demand in central London remains healthy; the prospect of continued rising output and employment in the finance and business sector feeding through to demand for office space. |
| 590 ## - LOCAL NOTE (RLIN) | |
| Local note | ka |
| 651 #4 - SUBJECT ADDED ENTRY--GEOGRAPHIC NAME | |
| Geographic name | London (Greater London Authority) |
| -- | 2000- |
| 9 (RLIN) | 3989 |
| 690 ## - LOCAL SUBJECT ADDED ENTRY--TOPICAL TERM (OCLC, RLIN) | |
| Topical term or geographic name as entry element | PROPERTY-COMMERCIAL PROPERTY-COMMERCIAL PROPERTY MARKET |
| 942 ## - ADDED ENTRY ELEMENTS (KOHA) | |
| Suppress in OPAC | 0 |
| Withdrawn status | Lost status | Source of classification or shelving scheme | Damaged status | Not for loan | Home library | Current library | Shelving location | Date acquired | Total Checkouts | Full call number | Barcode | Date last seen | Copy number | Price effective from | Koha item type |
|---|---|---|---|---|---|---|---|---|---|---|---|---|---|---|---|
| Dewey Decimal Classification | London | London | Journal article | 03/09/2007 | L140051 | 140051-1001 | 06/08/2019 | 1 | 06/08/2019 | Journal article |